00621nam a2200109Ia 4500008004100000245004100041300025000082650001600332856007200348999001900420952007200439170517s9999 xx 000 0 und d aBlood and Guts: A History of Surgery aDocumentary series looking at the brutal, bloody and dangerous history of surgery. Michael Mosley recounts the history of surgery through its catastrophes and successes. 1. Into the Brain. Just over 100 years ago, cutting into the brain was a... xTechnology. uhttp://topdocumentaryfilms.com/blood-and-guts-a-history-of-surgery/ c335016d335016 001040aCLbCLd2017-05-17l0r2017-05-17 00:00:00w2017-05-17yDF